Характеристические свойства изогеометрических сплайн-аппроксимаций (Запись № 5005453)

Подробности
000 -МАРКЕР
контрольное поле 01041nam0a22002651 4500
001 - ИДЕНТИФИКАТОР ЗАПИСИ
контрольное поле rc\895116
005 - ИДЕНТИФИКАТОР ВЕРСИИ
контрольное поле 20250622033341.0
035 ## - ДРУГИЕ СИСТЕМНЫЕ НОМЕРА
Идентификатор записи (NLR Aleph) 006071359
100 ## - ДАННЫЕ ОБЩЕЙ ОБРАБОТКИ
Данные общей обработки 20041129d1984 |||y0rusy50 ca
101 0# - ЯЗЫК РЕСУРСА
Язык текста, звукозаписи и т.д. русский
102 ## - СТРАНА ПУБЛИКАЦИИ ИЛИ ПРОИЗВОДСТВА
Страна публикации Российская Федерация
105 ## - ПОЛЕ КОДИРОВАННЫХ ДАННЫХ: ТЕКСТОВЫЕ МАТЕРИАЛЫ, МОНОГРАФИЧЕСКИЕ
Кодированные данные о монографическом текстовом документе y |||||||||
200 1# - ЗАГЛАВИЕ И СВЕДЕНИЯ ОБ ОТВЕТСТВЕННОСТИ
Основное заглавие Характеристические свойства изогеометрических сплайн-аппроксимаций
210 ## - ПУБЛИКАЦИЯ, РАСПРОСТРАНЕНИЕ И ДР.
Место издания, распространения и т.д. Новосибирск
Имя издателя, распространителя и т. д. ВЦ СО АН СССР
Дата издания, распространения и т.д. 1984
215 ## - ФИЗИЧЕСКАЯ ХАРАКТЕРИСТИКА
Специфическое обозначение материала и объем 30 с.
Размеры 20
225 1# - СЕРИЯ
Основное заглавие серии Препринт
Сведения об ответственности Семинар "Методы вычисл. и прикл. математики" под руководством акад. Г.И. Марчука
Обозначение тома 110
300 ## - ОБЩИЕ ПРИМЕЧАНИЯ
Текст примечания В надзаг.: АН СССР. Сиб. отд-ние. ВЦ
320 ## - ПРИМЕЧАНИЯ О НАЛИЧИИ В ДОКУМЕНТЕ БИБЛИОГРАФИИ / УКАЗАТЕЛЯ
Текст примечания Библиогр.: с. 29-30
700 #1 - ИМЯ ЛИЦА - ПЕРВИЧНАЯ ОТВЕТСТВЕННОСТЬ
Начальный элемент ввода Ковалков
Часть имени, кроме начального элемента ввода А.В.
Расширение инициалов личного имени Александр Викторович
801 #0 - ИСТОЧНИК ЗАПИСИ
Страна Российская Федерация
Организация NLR
Правила каталогизации psbo
801 #1 - ИСТОЧНИК ЗАПИСИ
Страна Российская Федерация
Организация ELAR
Источник данных rusmarc
852 ## - МЕСТОНАХОЖДЕНИЕ И ШИФР ХРАНЕНИЯ
Идентификатор организации NLR
Шифр хранения (Call Number) 74-4/9957-110
942 ## - ДОПОЛНИТЕЛЬНЫЕ ЭЛЕМЕНТЫ ЗАПИСИ (АБИС)
Тип экземпляра АБИС Книга
980 ## - КОЛЛЕКЦИЯ
Название коллекции Национальная библиография
Экземпляры
Тип экземпляра Дата поступления Библиотека постоянного хранения Библиотека текущего хранения Место хранения Шифр хранения Штрих-код Статус экземпляра
Книга 26.10.2013 РНБ (Московский) РНБ (Московский) Русский книжный фонд: издания с 1957 года 74-4/9957-110 6071359-10